000 00591nam a22001937a 4500
999 _c259430
_d259429
003 OSt
005 20220927160149.0
008 220927b xxu||||| |||| 00| 0 eng d
010 _a2010941842
020 _a9781111634780
020 _a1111634785
040 _aDLC
_bEng
_cDLC
_dDLC
_erda
050 _aBL51
_b .P532 2012
245 _aPhilosophy of religion : an anthology
_c [edited by] Louis P. Pojman, Michael Rea.
250 _a6th Edn.
_bInternational Edition
260 _aBoston, MA :
_bWadsworth/Cengage Learning,
_c c2012.
300 _axiii, 685 p. ;
_c24 cm.
942 _2lcc
_cBK